000 00814nam a2200289 a 4500
003 AR-BaBNM
005 20251128210510.0
008 082120s2002 ||||||||||||||000 | spa||
020 _a84-8063-040-x
040 _cAR-BaBNM
100 1 _aAdell, Pilar
245 0 0 _a¡Puntería!
_bpropuestas para aprender a puntuar
250 _a1ª ed.
260 _aBarcelona
_bEdiciones Octaedro
_c1994
300 _a78 p.
_btablas, il.
490 0 _aCuadernos Octaedro. Lengua y literatura
650 4 _aGRAMATICA
650 4 _aMETODOS DE ENSEÑANZA
650 4 _aACTIVIDADES DE APRENDIZAJE
650 4 _aAUTOEVALUACION
650 4 _aTECNICAS DE EVALUACION
653 _aENSENANZA DE LA LENGUA
700 1 _aSánchez de Enciso, Juan
800 1 _aRincón, F.
_ecoordinador
942 _cBK
998 _cRAQUEL
999 _c15698
_d15698